Istorīi͡a moikh bi͡edstvīĭ / (Record no. 37310)
[ view plain ]
| 000 -LEADER | |
|---|---|
| fixed length control field | 01099cam a22002653i 4500 |
| 001 - CONTROL NUMBER | |
| control field | ltf89004620 |
| 003 - CONTROL NUMBER IDENTIFIER | |
| control field | DLC |
| 005 - DATE AND TIME OF LATEST TRANSACTION | |
| control field | 20260227111549.0 |
| 008 - FIXED-LENGTH DATA ELEMENTS--GENERAL INFORMATION | |
| fixed length control field | 900912s1902 ru 000 0druso |
| 010 ## - LIBRARY OF CONGRESS CONTROL NUMBER | |
| LC control number | ltf89004620 |
| 040 ## - CATALOGING SOURCE | |
| Original cataloging agency | DLC |
| Transcribing agency | DLC |
| Modifying agency | DLC |
| 041 1# - LANGUAGE CODE | |
| Language code of text/sound track or separate title | rus |
| Language code of original | lat |
| 050 00 - LIBRARY OF CONGRESS CALL NUMBER | |
| Classification number | Cyr4 PA 19 |
| 100 1# - MAIN ENTRY--PERSONAL NAME | |
| Personal name | Abelard, Peter, |
| Dates associated with a name | 1079-1142 |
| 240 10 - UNIFORM TITLE | |
| Uniform title | Historia calamitatum. |
| Language of a work | Russian |
| 245 10 - TITLE STATEMENT | |
| Title | Istorīi͡a moikh bi͡edstvīĭ / |
| Statement of responsibility, etc. | Pʹer Abeli͡ar ; perevod s latinskago P.O. Morozova. |
| 260 ## - PUBLICATION, DISTRIBUTION, ETC. | |
| Date of publication, distribution, etc. | S.-Peterburg : |
| Name of publisher, distributor, etc. | Izdanie Kartograficheskago zavedenīi͡a A. Ilʹina, |
| Date of publication, distribution, etc. | 1902. |
| 300 ## - PHYSICAL DESCRIPTION | |
| Extent | lxii, 108 p. ; |
| Dimensions | 21 cm. |
| 440 #0 - SERIES STATEMENT/ADDED ENTRY--TITLE | |
| Title | Ri͡ad istoricheskikh romanov |
| 500 ## - GENERAL NOTE | |
| General note | "Pod redakt͡sīeĭ, s vvedenīem i primi͡echanīi͡ami professora A. Trachevskago." |
| 500 ## - GENERAL NOTE | |
| General note | Advertisements for other works by Professor Trachevskīĭ and for the series Ri͡ad istoricheskikh romanov on back paper cover. |
| 700 1# - ADDED ENTRY--PERSONAL NAME | |
| Personal name | Morozov, P. O. |
| Fuller form of name | (Petr Osipovich), |
| Dates associated with a name | 1854-1920. |
| 700 1# - ADDED ENTRY--PERSONAL NAME | |
| Personal name | Trachevskiĭ, A. S. |
| Fuller form of name | (Aleksandr Semenovich), |
| Dates associated with a name | 1838-1906. |
| 710 2# - ADDED ENTRY--CORPORATE NAME | |
| Corporate name or jurisdiction name as entry element | Kartograficheskoe zavedenīe A. Ilʹina. |
No items available.